Aku-Aku (Record no. 80092)

MARC details
000 -LEADER
campo de control de longitud fija 00538nam a2200169 i 4500
001 - NÚMERO DE CONTROL
campo de control 80092
003 - IDENTIFICADOR DE NÚMERO DE CONTROL
campo de control ES-MaACL
007 - CAMPO FIJO DE DESCRIPCIÓN FÍSICA--INFORMACIÓN GENERAL
campo de control de longitud fija t|
008 - DATOS DE LONGITUD FIJA--INFORMACIÓN GENERAL
campo de control de longitud fija 041026s1958 sp ||||1| spa d
100 1# - ENTRADA PRINCIPAL--NOMBRE DE PERSONA
Nombre de persona Heyerdahl, Thor.
9 (RLIN) 63529
245 10 - MENCIÓN DEL TÍTULO
Título Aku-Aku
Resto del título : el secreto de la Isla de Pascua /
Mención de responsabilidad, etc. Thor Heyerdahl ; [traducción de Antonio Ribera].
250 ## - MENCION DE EDICION
Mención de edición [1ª ed.].
260 ## - PUBLICACIÓN, DISTRIBUCIÓN, ETC.
Lugar de publicación, distribución, etc. Barcelona :
Nombre del editor, distribuidor, etc. Juventud,
Fecha de publicación, distribución, etc. [1958] (
Fabricante Atenas)
300 ## - DESCRIPCIÓN FÍSICA
Extensión 376 p., 43 lám. :
Otras características físicas il. ;
Dimensiones 23 cm.
700 1# - ENTRADA AGREGADA--NOMBRE PERSONAL
Nombre de persona Ribera, Antonio.
9 (RLIN) 96769
852 ## - LOCALIZACIÓN
Ubicación ES-MaACL
Número de control de estantería C-9536
Sublocalización o colección R.43525
Holdings
Estatus retirado Estado de pérdida Estado de daño No para préstamo Biblioteca de origen Biblioteca actual Ubicación en estantería Fecha de adquisición Fuente de adquisición Total de préstamos Signatura topográfica completa Código de barras Visto por última vez Precio de reemplazo Tipo de ítem Koha
        Biblioteca del Ateneo de Madrid Biblioteca del Ateneo de Madrid Sala Palomar 17/01/2008     C-9536 1083740 23/02/2023 23/02/2023 Libro impreso